00482cam a2200169 a 4500001000800000005001700008008004100025020001700066040001800083082001900101100002400120245006700144260005000211300001700261500002000278650001400298108445120240219000511.0911206s1991 ii b 001 0 eng  a8171003338 : aDLCcDLCdDLC 222a320.bGAN.1 aMukherjee, Subrata,10aGandhian thought, Marxist interpretation /cSubrata Mukherjee. aNew Delhi :bDeep & Deep Publications,c1991. axi, 204 p. ; aIncludes index. 0aCommunism